Perfiles estadísticos provinciales : (Registro nro. 8233)

Detalles MARC
000 -LIDER
fixed length control field 02231nam a2200481 a 4500
001 - NÚMERO DE CONTROL
Identificador de número de control 000017883
003 - IDENTIFICACDOR DE NÚMERO DE CONTROL
control field DO-SdBNP
005 - DATE AND TIME OF LATEST TRANSACTION
control field 20170925104238.0
007 - CAMPOS FIJOS DE DESCRIPCIÓN FÍSICA
fixed length control field 000017883
008 - ELEMENTOS DE LONGITUD FIJA
fixed length control field 100407s2013 dr ad 000 0 spa d
020 ## - ISBN
International Standard Book Number 9789945888829
040 ## - FUENTE DE CATALOGACIÓN
Agencia que crea de manera original el registro BPMSU
Idioma de catalogación spa
Agencia que realiza la transcripción BPMSU
082 #4 - NÚMERO DE CLASIFICACIÓN DECIMAL DE DEWEY
Classification number 317.2932
Item number P438e
245 00 - MENCIÓN DE TITULO
Título Perfiles estadísticos provinciales :
Subtítulo regiones Enriquillo - El Valle /
Mención de responsabilidad presentación Pablo Tactuk.
260 ## - PUBLICACIÓN, DISTRIBUCIÓN, ETC. (PIE DE IMPRENTA)
Lugar de publicación, distribución, etc Santo Domingo :
Nombre del editor, distribuidor, etc. ONE,
Fecha de publicación, distribución, etc 2013.
300 ## - DESCRIPCIÓN FÍSICA
Extensión 143 p. :
Otros detalles físicos il., gráf., mapas. ;
Dimensiones 28 cm.
505 0# - NOTA DE CONTENIDO
Título Región Enriquillo --
-- Baoruco --
-- Barahona --
-- Independencia --
-- Pedernales --
-- Región El Valle --
-- Elías Piña --
-- San Juan --
651 #4 - ENCABEZAMIENTO DE MATERIA--NOMBRE GEOGRÁFICO
Nombre geográfico BAORUCO, REPÚBLICA DOMINICANA
Subdivisión temática general POBLACIÓN
-- ESTADÍSTICAS
651 #4 - ENCABEZAMIENTO DE MATERIA--NOMBRE GEOGRÁFICO
Nombre geográfico BAORUCO, REPÚBLICA DOMINICANA
Subdivisión temática general CONDICIONES ECONÓMICAS
-- ESTADÍSTICAS
651 #4 - ENCABEZAMIENTO DE MATERIA--NOMBRE GEOGRÁFICO
Nombre geográfico BAORUCO, REPÚBLICA DOMINICANA
Subdivisión temática general CONDICIONES SOCIALES
651 #4 - ENCABEZAMIENTO DE MATERIA--NOMBRE GEOGRÁFICO
Nombre geográfico BARAHONA, REPÚBLICA DOMINICANA
Subdivisión temática general POBLACIÓN
-- ESTADÍSTICAS
651 #4 - ENCABEZAMIENTO DE MATERIA--NOMBRE GEOGRÁFICO
Nombre geográfico BARAHONA, REPÚBLICA DOMINICANA
Subdivisión temática general CONDICIONES ECONÓMICAS
651 #4 - ENCABEZAMIENTO DE MATERIA--NOMBRE GEOGRÁFICO
Nombre geográfico BARAHONA, REPÚBLICA DOMINICANA
Subdivisión temática general CONDICIONES SOCIALES
-- ESTADÍSTICAS
651 #4 - ENCABEZAMIENTO DE MATERIA--NOMBRE GEOGRÁFICO
Nombre geográfico INDEPENDENCIA, REPÚBLICA DOMINICANA
Subdivisión temática general POBLACIÓN
-- ESTADÍSTICAS
651 #4 - ENCABEZAMIENTO DE MATERIA--NOMBRE GEOGRÁFICO
Nombre geográfico INDEPENDENCIA, REPÚBLICA DOMINICANA
Subdivisión temática general CONDICIONES ECONÓMICAS
651 #4 - ENCABEZAMIENTO DE MATERIA--NOMBRE GEOGRÁFICO
Nombre geográfico INDEPENDENCIA, REPÚBLICA DOMINICANA
Subdivisión temática general CONDICIONES SOCIALES
-- ESTADÍSTICAS
651 #4 - ENCABEZAMIENTO DE MATERIA--NOMBRE GEOGRÁFICO
Nombre geográfico PEDERNALES
Subdivisión temática general POBLACIÓN
-- ESTADÍSTICAS
651 #4 - ENCABEZAMIENTO DE MATERIA--NOMBRE GEOGRÁFICO
Nombre geográfico PEDERNALES
Subdivisión temática general CONDICIONES ECONÓMICAS
-- ESTADÍSTICAS
651 #4 - ENCABEZAMIENTO DE MATERIA--NOMBRE GEOGRÁFICO
Nombre geográfico PEDERNALES
Subdivisión temática general CONDICIONES SOCIALES
-- ESTADÍSTICAS
651 #4 - ENCABEZAMIENTO DE MATERIA--NOMBRE GEOGRÁFICO
Nombre geográfico ELIAS PIÑA
Subdivisión temática general POBLACIÓN
-- ESTADÍSTICAS
651 #4 - ENCABEZAMIENTO DE MATERIA--NOMBRE GEOGRÁFICO
Nombre geográfico ELÍAS PIÑA
Subdivisión temática general CONDICIONES ECONÓMICAS
-- ESTADÍSTICAS
651 #4 - ENCABEZAMIENTO DE MATERIA--NOMBRE GEOGRÁFICO
Nombre geográfico ELÍAS PIÑA
Subdivisión temática general CONDICIONES SOCIALES
-- ESTADÍSTICAS
700 12 - ASIENTO SECUNDARIO -- NOMBRE PERSONAL
Nombre personal Tactuk, Pablo
Mención de responsabilidad pres.
710 12 - ASIENTO SECUNDARIO -- NOMBRE CORPORATIVO
Nombre corporativo o de jurisdicción República Dominicana. Oficina Nacional de Estadística
910 ## - VALIDACIÓN
Validación Validado. Control de calidad MFF
930 #1 - EQUIVALENCE OR CROSS-REFERENCE-UNIFORM TITLE HEADING [LOCAL, CANADA]
Language of a work BND01
Medium of performance for music LF1
Field link and sequence number 20110215
Date of a work 01
Name of part/section of a work HD
Miscellaneous information 16307
942 ## - ADDED ENTRY ELEMENTS (KOHA)
Source of classification or shelving scheme Dewey Decimal Classification
Koha item type Libros
945 ## - INFORMACIÓN DE PROCESAMIENTO LOCAL
Información de procesamiento local Inventariado, 2017/MFF
956 ## - LOCAL ELECTRONIC LOCATION AND ACCESS (OCLC)
Nombre de host NMORDAN
Número de acceso 10
Información de compresión 20100510
Inicio de sesión BND01
Procesador de solicitud 1150
956 ## - LOCAL ELECTRONIC LOCATION AND ACCESS (OCLC)
Nombre de host YLOCKWARD
Número de acceso 10
Información de compresión 20150216
Inicio de sesión BND01
Procesador de solicitud 1140
956 ## - LOCAL ELECTRONIC LOCATION AND ACCESS (OCLC)
Nombre de host MFILETO
Número de acceso 40
Información de compresión 20150309
Inicio de sesión BND01
Procesador de solicitud 1223
956 ## - LOCAL ELECTRONIC LOCATION AND ACCESS (OCLC)
Nombre de host VMATEO
Número de acceso 10
Información de compresión 20150826
Inicio de sesión BPMSU
Procesador de solicitud 00151
Existencias
Withdrawn status Lost status Source of classification or shelving scheme Damaged status Not for loan Collection code Home library Current library Date acquired Total Checkouts Full call number Barcode Date last seen Price effective from Koha item type
    Dewey Decimal Classification     Colección Dominicana Biblioteca Pública Metropolitana Salomé Ureña Biblioteca Pública Metropolitana Salomé Ureña 08/26/2015   317.2932 P438e BPMSU15080489 08/26/2015 08/26/2015 Libros